000 00836nam a2200289Ia 4500
003 OSt
005 20220918164329.0
006 a|||||r|||| 00| 0
007 ta
008 220917b |||||||| |||| 00| 0 eng d
020 _a0521556260 (pbk)
024 _a172,244
037 _cTextual
040 _aARTS
_cARTS
_beng
041 _2eng
_aeng
082 _aP111,E:3, P0(SC)
100 _aFischer Olga
_918355
245 0 _aSyntax of early English
260 _aCambridge
_bcambridge university press
_c2000
300 _axviii,341p
_ccm.
490 _aCambridge syntax guide
650 _aLINGUISTICS
700 _a Van Der Wurff Wim
_918356
700 _a Van Kemenade Ans
_918357
942 _hP111,E:3, P0(SC)
_cTEXL
_2CC
999 _c124283
_d124283